00574cam a22002177a 4500003000500000005001700005008004100022010000900063011000900072035000900081040000900090082002100099110000800120245007800128260002300206300003000229490003300259650001100292650002000303830003300323CHAP20220817040920.0971013s1990 it r 00010 eng d a2635 a3607 a2808 cCHAP10a639.2bF46 v.4342 aFAO10aReport of the expert consultation on large-scale pelagic driftnet fishing aRome :bFAO,c1990 a78 p.b: ilus. ; gráfs. 0aFAO. Informe de pescav; 43414aPesca.14aRedes de pesca.0 aFAO. Informe de pescav; 434